000 00674nam a2200289Ia 4500
005 20260324135107.0
008 008 260324s9999 xx 000 0 eng d
020 _a9781315128634
037 _aEBOOK
040 _aCRL
040 _beng
040 _cCRL
041 _2eng
041 _aeng
084 _qCRL
100 _aDavid Barash
_91199312
245 0 _aRevolutionary Biology
245 4 _bThe New, Gene-centered View of Life
260 _bTaylor and Francis
260 _c2001
365 _a
365 _b230
856 _uhttp://www.taylorfrancis.com/books/9781315128634
942 _cEBOOK
999 _c1800038
_d1800038